Notas y fórmulas del ingeniero / (Record no. 88185)

MARC details
000 -LEADER
campo de control de longitud fija 01055nam a2200265 i 4500
001 - NÚMERO DE CONTROL
campo de control 88185
003 - IDENTIFICADOR DE NÚMERO DE CONTROL
campo de control ES-MaACL
007 - CAMPO FIJO DE DESCRIPCIÓN FÍSICA--INFORMACIÓN GENERAL
campo de control de longitud fija t|
008 - DATOS DE LONGITUD FIJA--INFORMACIÓN GENERAL
campo de control de longitud fija 050103s1955 sp ||||1| spa d
080 ## - NÚMERO DE LA CLASIFICACIÓN DECIMAL UNIVERSAL
Número de la Clasificación Decimal Universal 62(083.3)
100 1# - ENTRADA PRINCIPAL--NOMBRE DE PERSONA
Nombre de persona Laharpe, Clément de,
Fechas asociadas al nombre 1843-1892
Término indicativo de función/relación Autor
9 (RLIN) 69634
245 10 - MENCIÓN DEL TÍTULO
Título Notas y fórmulas del ingeniero /
Mención de responsabilidad, etc. Clément de Laharpe ; traducida de la 23ª edición francesa, reformada y modernizada por Jacques Vallot ; con la colaboración de Mauricio Denis-Papin
250 ## - MENCION DE EDICION
Mención de edición 1ª ed. española /
Resto de la mención de edición dirigida por Fernando Moral Martínez
260 ## - PUBLICACIÓN, DISTRIBUCIÓN, ETC.
Lugar de publicación, distribución, etc. Madrid :
Nombre del editor, distribuidor, etc. Dossat,
Fecha de publicación, distribución, etc. 1955
Fabricante (Selecciones Gráficas)
300 ## - DESCRIPCIÓN FÍSICA
Extensión XXI, 924 páginas :
Otras características físicas ilustraciones ;
Dimensiones 20 cm
650 #7 - PUNTO DE ACCESO ADICIONAL DE MATERIA--TÉRMINO DE MATERIA
Término de materia o nombre geográfico como elemento de entrada Ingeniería
Fuente del encabezamiento o término embne
9 (RLIN) 13767
700 1# - ENTRADA AGREGADA--NOMBRE PERSONAL
Nombre de persona Moral Martínez, Fernando
Término indicativo de función/relación Editor literario
9 (RLIN) 82947
700 1# - ENTRADA AGREGADA--NOMBRE PERSONAL
Nombre de persona Vallot, Jacques
Término indicativo de función/relación Traductor
9 (RLIN) 112925
700 1# - ENTRADA AGREGADA--NOMBRE PERSONAL
Nombre de persona Denis-Papin, Maurice
Término indicativo de función/relación Colaborador
-- Traductor
9 (RLIN) 43708
710 2# - ENTRADA AGREGADA--NOMBRE DE ENTIDAD CORPORATIVA
Nombre de entidad corporativa o nombre de jurisdicción como elemento de entrada Editorial Dossat
Término indicativo de función/relación Editor
9 (RLIN) 242119
852 4# - LOCALIZACIÓN
Ubicación ES-MaACL
Ubicación en estantería Depósito 2
Número de control de estantería E-4881
942 ## - ELEMENTOS DE ENTRADA SECUNDARIOS (KOHA)
Fuente del sistema de clasificación o colocación Clasificación decimal universal
Tipo de ítem Koha Libro impreso
Suprimir en OPAC No
Holdings
Estatus retirado Estado de pérdida Estado de daño No para préstamo Biblioteca de origen Biblioteca actual Ubicación en estantería Fecha de adquisición Fuente de adquisición Total de préstamos Signatura topográfica completa Código de barras Visto por última vez Precio de reemplazo Tipo de ítem Koha
        Biblioteca del Ateneo de Madrid Biblioteca del Ateneo de Madrid Depósito 2 17/01/2008     E-4881 1092119 23/02/2023 23/02/2023 Libro impreso